000 01395nam a2200337Ia 4500
001 ebr10178209
003 CaPaEBR
006 m u
007 cr cn|||||||||
008 960514s1996 quca sb 001 0 eng d
010 _z 96900478
020 _z9780773515314
020 _z0773515313
040 _aCaPaEBR
_cCaPaEBR
035 _a(OCoLC)191818977
041 1 _aeng
_hger
050 1 4 _aDD256.3
_b.H613 1996eb
100 1 _aHoffmann, Peter,
_d1930-
240 1 0 _aWiderstand, Staatsstreich, Attentat.
_lEnglish
245 1 4 _aThe history of the German resistance, 1933-1945
_h[electronic resource] /
_cPeter Hoffmann ; translated from the German by Richard Barry.
250 _a3rd English ed.
260 _aMontreal ;
_aBuffalo :
_bMcGill-Queen's University Press,
_c1996.
300 _axviii, 853 p. :
_bill.
504 _aIncludes bibliographical references (p. 773-815) and index.
533 _aElectronic reproduction.
_bPalo Alto, Calif. :
_cebrary,
_d2009.
_nAvailable via World Wide Web.
_nAccess may be limited to ebrary affiliated libraries.
600 1 0 _aHitler, Adolf,
_d1889-1945
_xAssassination attempt, 1944 (July 20)
650 0 _aAnti-Nazi movement.
655 7 _aElectronic books.
_2local
710 2 _aebrary, Inc.
856 4 0 _uhttp://site.ebrary.com/lib/rucke/Doc?id=10178209
_zAn electronic book accessible through the World Wide Web; click to view
999 _c140739
_d140739